[Event "AUTO-BEG-167"]
[Site "http://www.queenalice.com/game.php?id=323882"]
[Date "2007.12.21"]
[Round "1"]
[White "FERNANDOROSA"]
[Black "C_kaverna"]
[Result "1-0"]
[WhiteElo "1427"]
[BlackElo "1800"]

1. e3 d5 2. Nc3 e5 3. Qh5 Nc6 4. d4 Nf6 5. Qf3 exd4 6. exd4 Nxd4 7. Qe3+ Qe7 8.
Bb5+ c6 9. Ba4 a5 10. Nge2 Qxe3 11. fxe3 1-0

[Event "AUTO-BEG-167"]
[Site "http://www.queenalice.com/game.php?id=323895"]
[Date "2007.12.21"]
[Round "1"]
[White "patoche"]
[Black "FERNANDOROSA"]
[Result "1-0"]
[WhiteElo "1752"]
[BlackElo "1427"]

1. e4 e6 2. Nf3 Nf6 3. e5 Nd5 4. d4 d6 5. c4 Ne7 6. Nc3 Nf5 7. Bd3 dxe5 8. dxe5
Nc6 9. O-O Nb4 10. Bxf5 exf5 11. Qxd8+ Kxd8 12. Bg5+ f6 13. exf6 Ke8 14. Rfe1+
Kf7 15. Ne5+ Ke6 16. Ng6+ Kd6 17. Nxh8 gxf6 18. Bxf6 Bh6 19. Nf7+ Kd7 20. Nxh6
Nc2 21. Rad1+ Kc6 22. Re2 f4 23. Rxc2 Bf5 24. Nxf5 Re8 25. b4 h5 26. a4 a6 27.
Nd5 Re6 28. Nd4+ Kd6 29. Nxe6 Kxe6 30. Re2+ Kf5 31. Re5+ Kg4 32. h3# 1-0

[Event "AUTO-BEG-167"]
[Site "http://www.queenalice.com/game.php?id=323896"]
[Date "2007.12.21"]
[Round "1"]
[White "FERNANDOROSA"]
[Black "patoche"]
[Result "0-1"]
[WhiteElo "1403"]
[BlackElo "1527"]

1. e3 e5 2. Nc3 d5 3. d4 exd4 4. Qxd4 Nf6 5. e4 Nc6 6. Qe3 d4 7. Qf4 dxc3 8.
bxc3 Bd6 9. Qg5 Nxe4 10. Qxg7 Be5 11. Qh6 Bxc3+ 12. Bd2 Bxd2+ 13. Qxd2 Qxd2# 0-1

[Event "AUTO-BEG-167"]
[Site "http://www.queenalice.com/game.php?id=323903"]
[Date "2007.12.21"]
[Round "1"]
[White "wagner"]
[Black "FERNANDOROSA"]
[Result "0-1"]
[WhiteElo "1157"]
[BlackElo "1509"]

1. e3 e5 2. c3 e4 3. Nh3 d5 4. d3 exd3 5. Bxd3 c6 6. Qf3 Nd7 7. e4 dxe4 8. Qxe4+
Be7 9. Nf4 Nc5 10. Qc4 b6 11. Be3 Nxd3+ 12. Nxd3 b5 0-1

[Event "AUTO-BEG-167"]
[Site "http://www.queenalice.com/game.php?id=323904"]
[Date "2007.12.21"]
[Round "1"]
[White "FERNANDOROSA"]
[Black "wagner"]
[Result "1-0"]
[WhiteElo "1511"]
[BlackElo "1155"]

1. e3 e6 2. d4 Qf6 3. Nf3 b6 4. b3 Bb7 5. c4 Bxf3 6. gxf3 Bb4+ 7. Nd2 Bxd2+ 8.
Qxd2 Nc6 9. Ba3 Nh6 10. Bg2 O-O-O 11. f4 Ng4 12. h3 Nh6 13. Bxc6 1-0

[Event "AUTO-OPEN-943"]
[Site "http://www.queenalice.com/game.php?id=324071"]
[Date "2007.12.21"]
[Round "1"]
[White "FERNANDOROSA"]
[Black "emiliano"]
[Result "0-1"]
[WhiteElo "1384"]
[BlackElo "1734"]

1. e4 e5 2. d4 exd4 3. Qxd4 Nc6 4. Qc3 Bb4 5. f3 Nf6 6. Qd2 O-O 7. c3 Ba5 8. b4
Bb6 9. Bd3 Re8 10. Qf4 d5 11. Qh4 dxe4 12. fxe4 Nxe4 13. Bxe4 Qxh4+ 14. g3 Rxe4+
15. Ne2 Qg4 16. Nd2 Qxe2# 0-1

[Event "AUTO-OPEN-943"]
[Site "http://www.queenalice.com/game.php?id=324072"]
[Date "2007.12.21"]
[Round "1"]
[White "emiliano"]
[Black "FERNANDOROSA"]
[Result "1-0"]
[WhiteElo "1865"]
[BlackElo "1464"]

1. e4 e5 2. Nf3 d6 3. d4 Nc6 4. d5 Na5 5. b4 c6 6. bxa5 Qxa5+ 7. Bd2 Qb6 8. c4
Qb2 9. Nc3 cxd5 10. Na4 Qa3 11. cxd5 g6 12. Bb5+ Kd8 13. Qb3 Qxb3 14. axb3 a6
15. Nb6 Rb8 16. Ba4 Kc7 17. Nxc8 Kxc8 18. Ng5 b5 19. Nxf7 bxa4 20. bxa4 Ne7 21.
Nxh8 Kb7 22. Rb1+ Kc7 23. Rxb8 Kxb8 24. O-O Bg7 25. Nf7 h5 26. Nxd6 Nc8 27. Nxc8
Kxc8 28. f4 h4 29. f5 g5 30. Bxg5 h3 31. f6 hxg2 32. Kxg2 Bxf6 33. Bxf6 Kc7 34.
Bxe5+ Kd7 35. Rf7+ Ke8 36. Ra7 Kd8 37. h4 a5 38. h5 Kc8 39. h6 Kd8 40. h7 Ke8
41. h8=Q# 1-0

[Event "AUTO-OPEN-943"]
[Site "http://www.queenalice.com/game.php?id=324073"]
[Date "2007.12.21"]
[Round "1"]
[White "FERNANDOROSA"]
[Black "loh335"]
[Result "0-1"]
[WhiteElo "1385"]
[BlackElo "1772"]

1. e4 d5 2. exd5 Qxd5 3. b3 e5 4. Nc3 Qa5 5. g3 f5 6. Qh5+ g6 7. Qe2 Nc6 8. f4
Bb4 9. Qe3 Nge7 10. fxe5 Nxe5 11. Qd4 Bd7 12. Bb5 Bxb5 13. Qxe5 O-O-O 14. Nxb5
Nd5 15. Bb2 Rhe8 16. Qxe8 Rxe8+ 17. Kd1 Qxb5 18. Nf3 Qe2+ 19. Kc1 Qxf3 20. Rg1
Qf2 21. Rd1 Re1 22. c4 Rxd1+ 23. Kxd1 Qxd2# 0-1

[Event "AUTO-OPEN-943"]
[Site "http://www.queenalice.com/game.php?id=324074"]
[Date "2007.12.21"]
[Round "1"]
[White "loh335"]
[Black "FERNANDOROSA"]
[Result "0-1"]
[WhiteElo "1774"]
[BlackElo "1381"]

1. Nf3 e6 2. e4 d5 3. e5 f5 4. exf6 Qxf6 5. d4 Bb4+ 6. Bd2 Bxd2+ 7. Qxd2 Nc6 8.
Bb5 a6 9. Bxc6+ bxc6 10. O-O Rb8 11. b3 Nh6 12. c4 Ng4 13. h3 Nh6 14. Ne5 Nf5
15. Rd1 Nh4 16. Nxc6 Qg6 17. Kf1 Qxg2+ 18. Ke2 Qxh3 19. Nxb8 Ng2 20. Nc3 e5 21.
Nxd5 Bg4+ 22. f3 Qxf3# 0-1

[Event "AUTO-OPEN-943"]
[Site "http://www.queenalice.com/game.php?id=324075"]
[Date "2007.12.21"]
[Round "1"]
[White "FERNANDOROSA"]
[Black "DenisDiaz"]
[Result "0-1"]
[WhiteElo "1425"]
[BlackElo "2088"]

1. e4 c5 2. Qh5 d6 3. Bb5+ Bd7 4. Bxd7+ Nxd7 5. c3 Ngf6 6. Qf3 g6 7. d4 cxd4 8.
cxd4 Bg7 9. e5 dxe5 10. Qxb7 exd4 11. Nf3 O-O 12. Nxd4 Nc5 13. Qc6 Nd3+ 14. Ke2
Qxd4 15. Qc3 Qxf2+ 16. Kd1 Rfd8 17. Nd2 Rac8 18. Qa3 Nxc1 19. Qxe7 Qxd2# 0-1

[Event "AUTO-OPEN-943"]
[Site "http://www.queenalice.com/game.php?id=324076"]
[Date "2007.12.21"]
[Round "1"]
[White "DenisDiaz"]
[Black "FERNANDOROSA"]
[Result "1-0"]
[WhiteElo "1999"]
[BlackElo "1466"]

1. e4 e5 2. Nf3 d5 3. exd5 Qxd5 4. Nc3 Qd8 5. Bc4 f6 6. d4 a6 7. dxe5 Qxd1+ 8.
Kxd1 Nd7 9. exf6 Ngxf6 10. Bf4 b5 11. Bb3 Nc5 12. Bxc7 Nxb3 13. axb3 Bg4 14.
Re1+ Be7 15. Bd6 Rd8 16. Rxe7+ Kf8 17. Rd7+ Ke8 18. Rxd8+ Kxd8 19. Rxa6 Re8 20.
Ra8+ Kd7 21. Rxe8 Kxd6 22. Ra8 Kc5 23. Ke2 b4 24. Na4+ Kb5 25. h3 Bxf3+ 26. Kxf3
Nd7 27. Re8 g5 28. c3 Nf6 29. Re5+ Kc6 30. Rxg5 Nd7 31. Rh5 bxc3 32. bxc3 Nf6
33. Rh6 Kd5 34. Rxf6 Ke5 35. Rh6 Kd5 36. Rxh7 Ke5 37. Rh5+ Ke6 38. Kf4 Kd6 39.
c4 Kc6 40. Rh6+ Kc7 41. Ke5 Kd7 42. Nc5+ Ke7 43. Rh7+ Kf8 44. Ke6 Kg8 45. Ra7
Kf8 46. Ne4 Ke8 47. Ra8# 1-0

[Event "AUTO-BEG-168"]
[Site "http://www.queenalice.com/game.php?id=326075"]
[Date "2007.12.26"]
[Round "1"]
[White "animis"]
[Black "FERNANDOROSA"]
[Result "1-0"]
[WhiteElo "1743"]
[BlackElo "1417"]

1. e4 e6 2. d4 d5 3. Nc3 Qh4 4. Nf3 Qe7 5. e5 f5 6. Bd3 f4 7. Bxf4 h6 8. Bg6+
Kd8 9. Bg3 Qb4 10. Qd2 Qxb2 11. O-O Ne7 12. Rab1 Qa3 13. Rb3 Qa5 14. Bh4 c5 15.
Rb5 Qa3 16. Rxc5 Kd7 17. Nb5 Nxg6 18. Nxa3 Bxc5 19. dxc5 Nxh4 20. Nxh4 Na6 21.
c4 Nxc5 22. cxd5 Ne4 23. Qd4 Ng5 24. dxe6+ Kxe6 25. Qd6+ Kf7 26. f4 Ne4 27. Qg6+
Ke7 28. Qxe4 Ke6 29. f5+ Ke7 30. Ng6+ Kf7 31. Nxh8+ Ke7 32. Qb4+ Kd7 33. Rd1+
Kc7 34. Qd6# 1-0

[Event "AUTO-BEG-168"]
[Site "http://www.queenalice.com/game.php?id=326076"]
[Date "2007.12.26"]
[Round "1"]
[White "FERNANDOROSA"]
[Black "animis"]
[Result "0-1"]
[WhiteElo "1425"]
[BlackElo "1656"]

1. e4 e6 2. e5 c5 3. c4 Nc6 4. f4 Nge7 5. Nf3 Nf5 6. g4 Nh4 7. Ng1 d5 8. cxd5
Qxd5 9. Nc3 Qxh1 10. Nge2 Nf3+ 11. Kf2 Nxh2 12. Ng3 Nxg4+ 13. Qxg4 Qh2+ 14. Kf3
Nd4+ 15. Ke4 b5 16. Nxb5 Bb7+ 17. Ke3 Qxg3+ 18. Qxg3 Nf5+ 19. Kf2 Nxg3 20. Kxg3
Kd8 21. Kg4 h5+ 22. Kg5 Be7# 0-1

[Event "AUTO-BEG-168"]
[Site "http://www.queenalice.com/game.php?id=326089"]
[Date "2007.12.26"]
[Round "1"]
[White "FERNANDOROSA"]
[Black "samurai007"]
[Result "0-1"]
[WhiteElo "1485"]
[BlackElo "1592"]

1. e4 c5 2. c3 e5 3. d4 Nf6 4. dxe5 Nxe4 5. Qd5 Ng5 6. Bxg5 Qxg5 7. Nf3 Qc1+ 8.
Qd1 Qxb2 9. Nbd2 Qxc3 10. Rc1 Qa5 11. Qc2 Nc6 12. g3 d6 13. exd6 Bxd6 14. Qb2 f6
15. Rc3 Ne5 16. Nc4 Nxc4 17. Qe2+ Ne5 18. Kd2 O-O 19. Nxe5 Bxe5 20. Qc4+ Kh8 21.
Kd3 Bxc3 22. Qxc3 Bf5+ 23. Kc4 b5+ 24. Kb3 b4 25. Qf3 Qa3+ 0-1

[Event "AUTO-BEG-168"]
[Site "http://www.queenalice.com/game.php?id=326090"]
[Date "2007.12.26"]
[Round "1"]
[White "samurai007"]
[Black "FERNANDOROSA"]
[Result "1-0"]
[WhiteElo "1688"]
[BlackElo "1473"]

1. e4 e5 2. Nf3 d5 3. exd5 Qxd5 4. Nc3 Qa5 5. d3 f6 6. Bd2 Qb6 7. Nd5 Qxb2 8.
Nxc7+ Kd7 9. Nxa8 b5 10. d4 exd4 11. Rb1 Qxa2 12. Bxb5+ Nc6 13. Nxd4 Qd5 14.
Bxc6+ Qxc6 15. Nxc6 Kxc6 16. Qf3+ Kd7 17. Qf5+ Kd8 18. Ba5+ Ke8 19. Qxc8+ Kf7
20. Qc4+ Kg6 21. Qg4+ Kf7 22. Rb7+ Be7 23. Rxa7 Nh6 24. Qc4+ Kg6 25. O-O Nf5 26.
Qg4+ Kf7 27. Qxf5 g6 28. Qd5+ Ke8 29. Nc7+ Kf8 30. Ne6+ Kg8 31. Rxe7 h5 32. Rg7#
1-0

[Event "AUTO-BEG-168"]
[Site "http://www.queenalice.com/game.php?id=326091"]
[Date "2007.12.26"]
[Round "1"]
[White "FERNANDOROSA"]
[Black "ttapada"]
[Result "1-0"]
[WhiteElo "1468"]
[BlackElo "1178"]

1. e4 e5 2. Qh5 g6 3. Qxe5+ Ne7 4. Qxh8 c6 5. Qxh7 d5 6. exd5 cxd5 7. Bb5+ Bd7
8. Bxd7+ Qxd7 9. d4 Nbc6 10. Bh6 Qe6+ 11. Kf1 Bxh6 12. Qh8+ Kd7 13. Qxa8 Nb4 14.
Qxb7+ Kd8 15. Qxb4 Nc6 16. Qe1 Nxd4 17. Qa5+ Qb6 18. Qxd5+ Ke7 19. Na3 Qxb2 20.
Re1+ Kf8 21. Qc5+ Kg7 22. Qxa7 Qc3 23. Ne2 Qd2 24. Qxd4+ Qxd4 25. Nxd4 f5 26. c4
Bf4 27. Re7+ Kf6 28. Re6+ Kg5 29. g3 Bc1 30. h4+ Kg4 31. Rxg6+ Kh5 32. Ra6 Bb2
33. c5 Bxd4 34. c6 Be5 35. Nc4 Bb8 36. f3 Bxg3 37. Rg1 Bxh4 38. c7 1-0

[Event "AUTO-BEG-168"]
[Site "http://www.queenalice.com/game.php?id=326092"]
[Date "2007.12.26"]
[Round "1"]
[White "ttapada"]
[Black "FERNANDOROSA"]
[Result "1-0"]
[WhiteElo "1148"]
[BlackElo "1513"]

1. e4 e5 2. d3 d5 3. Nc3 c6 4. Nf3 f6 5. Be3 dxe4 6. dxe4 Nd7 7. Bc4 b5 8. Bd3
g6 9. O-O h6 10. Nh4 Ne7 11. f3 g5 12. Nf5 Nxf5 13. exf5 Bc5 14. Bxc5 Nxc5 15.
Ne4 Qd4+ 16. Rf2 Nxe4 17. fxe4 Qxb2 18. Be2 c5 19. Qb1 Qxb1+ 20. Rxb1 a6 21. g4
Bb7 22. Bd3 c4 23. Be2 Bxe4 24. Rc1 b4 25. Bxc4 a5 26. Bb5+ Ke7 27. Re1 Bb7 28.
h3 Rac8 29. Rd2 Rc5 30. a4 h5 31. gxh5 Rxh5 32. Re3 Bc6 33. Bxc6 Rxc6 34. Rd5
Rxc2 35. Rxa5 Kf7 36. Ra7+ Kf8 37. Rd3 e4 38. Rd8# 1-0

[Event "jogo 009"]
[Site "http://www.queenalice.com/game.php?id=358657"]
[Date "2008.2.22"]
[Round "-"]
[White "FERNANDOROSA"]
[Black "spawnwolfwolverine"]
[Result "0-1"]
[WhiteElo "1483"]
[BlackElo "1503"]

1. e4 e5 2. d3 d6 3. Nc3 Nc6 4. Nf3 Bg4 5. h3 Bxf3 6. Qxf3 Nf6 7. Bg5 Be7 8. g4
h6 9. Be3 Nd4 10. Bxd4 exd4 11. Nb5 c5 0-1

[Event "play 010"]
[Site "http://www.queenalice.com/game.php?id=358658"]
[Date "2008.2.22"]
[Round "-"]
[White "FERNANDOROSA"]
[Black "iwinyoulose"]
[Result "0-1"]
[WhiteElo "1468"]
[BlackElo "2034"]

1. e3 e5 2. d4 exd4 3. Qxd4 Nc6 4. Qe4+ Be7 5. Nf3 Nf6 6. Qd3 d6 7. Qb3 O-O 8.
g4 Bxg4 9. Qxb7 Bxf3 10. Qxc6 Bxc6 11. Rg1 Qd7 12. b3 Ne4 0-1

[Event "play 011"]
[Site "http://www.queenalice.com/game.php?id=358659"]
[Date "2008.2.22"]
[Round "-"]
[White "FERNANDOROSA"]
[Black "rogervolei"]
[Result "0-1"]
[WhiteElo "1469"]
[BlackElo "1819"]

1. Nf3 h6 2. e4 e6 3. c3 a6 4. Nd4 g5 5. Qh5 e5 6. Nf5 Nf6 7. Qe2 d6 8. Ng3 h5
9. Qc4 b5 10. Qd3 g4 11. b3 Bb7 12. c4 h4 13. Nf5 Bxe4 14. Qe3 Bxf5 15. g3 h3
16. Bd3 Bh6 17. Qe2 e4 0-1

[Event "play 013"]
[Site "http://www.queenalice.com/game.php?id=358661"]
[Date "2008.2.22"]
[Round "-"]
[White "FERNANDOROSA"]
[Black "kingpatrick"]
[Result "0-1"]
[WhiteElo "1483"]
[BlackElo "1904"]

1. e3 e5 2. d4 e4 3. d5 d6 4. Qd4 f5 5. h4 Nf6 6. g3 Be7 7. g4 fxg4 8. Qd1 O-O
9. h5 g3 10. fxg3 Ng4 11. Nh3 Rf3 12. Qd4 Bf5 13. h6 Bf6 0-1